005920000a2200097000450024500340000030000590003450002550009352000630034865000340041177300490044510aLa unión hace la excelencia aVol.0, núm.10 ( Febrero/Abril 2008), Páginas 10-11 aUna estrategia exitosa que Colombia ha emprendido en los últimos cuatro años es la creación de Centros de Excelencia, a través de los cuales grupos de investigación aportan al país soluciones de alto nivel a problemáticas específicas. aProductos y soluciones, Estímulo a nuevos conocimientos.14aEDUCACIÓN SUPERIOR-COLOMBIA0 tEducación superior : Boletín informativo